| 000 | 00823nam a2200217Ia 4500 | ||
|---|---|---|---|
| 008 | 191130s2010##################000#0#eng## | ||
| 020 | _a9788171393640 | ||
| 040 |
_aACL _cACL |
||
| 082 | _a327.174 SHR | ||
| 245 |
_aWorld encyclopaedia of nuclear arms control and non-proliferation _cedited by Shriprakash Mani Tripathi, Surya Narain Yadav and Satyapralesh Mani Tripathi |
||
| 260 |
_aNew Delhi _b[publisher not identified] _cc2010 |
||
| 300 | _axx, (713-1064) p. ; 23 cm. | ||
| 650 | _aNuclear arms control | ||
| 650 | _aNuclear nonproliferation--International cooperation | ||
| 650 | _aNuclear weapons (International law) | ||
| 700 | _aTripathi, Satyapralesh Mani | ||
| 700 | _aYadav, Surya Narain | ||
| 990 | _a0581abe2ac10000c0d65d16afc4642fd | ||
| 991 | _a136772 | ||
| 999 |
_c308249 _d308249 |
||